Science Quiz

Random Science or Biology Quiz

Cranial Nerve Match-Up Quiz Stats

 Plays Quiz not verified by Sporcle

Support Sporcle.
Go Orange.
Score 0/12 Timer 01:30
0 Plays Today
% Correct
Olfactory
80.7%
Optic
79.9%
Oculomotor
79.5%
Hypoglossal
75.6%
Vagus
71.7%
Facial
70.8%
Trigeminal
70.6%
Trochlear
70.1%
Accessory
68.6%
Abducens
67.4%
Glossopharyngeal
64.8%
Vestibulocochlear
59.7%

You're not logged in!

Compare scores with friends on all Sporcle quizzes.
OR
Log In

From the Vault

NFL Teams by Backup Quarterback 2015

by johnnytaken

Sometimes the student becomes the master. Sometimes not.
Remove Ads.
Support Sporcle.
Get the best of Sporcle when you Go Orange. This ad-free experience offers more features, more stats, and more fun while also helping to support Sporcle. Thank you for becoming a member.

Show Comments

Extras

Top Quizzes Today


Score Distribution

Your Account Isn't Verified!

In order to create a playlist on Sporcle, you need to verify the email address you used during registration. Go to your Sporcle Settings to finish the process.

Report this User

Report this user for behavior that violates our Community Guidelines.

Details: